[Event "Lloyds Bank op"]
[Site "London"]
[Date "1990.??.??"]
[Round "?"]
[White "Kaidanov, Grigory S"]
[Black "Ravikumar, Vaidyanathan"]
[Result "1-0"]
[WhiteElo "2500"]
[BlackElo "2350"]

1.d4 Nf6 2.c4 e6 3.g3 d5 4.Bg2 Be7 5.Nf3 O-O 6.O-O c6 7.Qc2 Ne4 8.Nbd2 f5
9.Ne5 Nd7 10.Nd3 Bf6 11.e3 Qe7 12.Nf3 b6 13.Nfe5 Bxe5 14.dxe5 Ba6 15.b3 Rfd8
16.f3 Ng5 17.a4 Rac8 18.Ba3 Qe8 19.a5 Bb7 20.a6 Ba8 21.c5 Nb8 22.Bb2 Rc7
23.Bd4 Nd7 24.Rf2 Qe7 25.Qc3 Rf8 26.b4 Rcc8 27.Rff1 Qd8 28.Ra2 Qc7 29.h4 Nf7
30.Bh3 Rce8 31.Qa1 Re7 32.g4 fxg4 33.fxg4 Nd8 34.Rxf8+ Nxf8 35.Rf2 Nd7 36.g5 Qb8
37.Nf4 Qc8 38.Qf1 b5 39.g6 h6 40.Nh5  1-0

[Event "Luxembourg op"]
[Site "Luxembourg"]
[Date "1990.??.??"]
[Round "5"]
[White "Hausner, Ivan"]
[Black "Blauert, Joerg"]
[Result "1-0"]
[WhiteElo "2440"]
[BlackElo "2355"]

1.d4 Nf6 2.c4 e6 3.g3 d5 4.Nf3 Be7 5.Bg2 O-O 6.O-O dxc4 7.Ne5 Nc6 8.Nxc6 bxc6
9.Na3 Bxa3 10.bxa3 Ba6 11.Bxc6 Rb8 12.Bf3 Qc8 13.Bg5 Nd5 14.e4 Nc3 15.Qc2 Nb5
16.Rfd1 c5 17.dxc5 Qxc5 18.Be3 Qc6 19.a4 Nc7 20.Bxa7 Rb7 21.Bd4 f6 22.Rab1 e5
23.Rxb7 Bxb7 24.Be3 Ne6 25.Qc3 Rd8 26.Rxd8+ Nxd8 27.Be2 Ba6 28.Qa5 Ne6 29.Qd5 Qxd5
30.exd5 Nd4 31.Kf1 Kf7 32.Ke1 Ke7 33.Bd1 Kd6 34.Kd2 Kxd5 35.Kc3 Nc6 36.Bg4 Nd4
37.Bd7 Ke4 38.Be8 Ne2+ 39.Kb4 Nd4 40.Bb5 Nc2+ 41.Kc3 Nxe3 42.Bxa6 Nd1+ 43.Kxc4 Kf3
44.a5 Kxf2 45.Bb7 f5 46.a6 e4 47.a7 e3 48.a8=Q e2 49.Qa5 e1=Q 50.Qxe1+ Kxe1
51.Kb3 Nf2 52.a4 Nd3 53.a5 Nc5+ 54.Kb4 Nxb7 55.a6 Nd8 56.Kb5  1-0

[Event "Lvov zt"]
[Site "Lvov"]
[Date "1990.??.??"]
[Round "?"]
[White "Tukmakov, Vladimir B"]
[Black "Dokhoian, Yury"]
[Result "1/2-1/2"]
[WhiteElo "2570"]
[BlackElo "2540"]

1.d4 e6 2.c4 Nf6 3.g3 d5 4.Nf3 Be7 5.Bg2 O-O 6.O-O dxc4 7.Nc3 c5 8.dxc5 Nc6
9.Qa4 Qa5 10.Qxc4 Qxc5 11.Qxc5 Bxc5 12.Bf4 Bd7 13.Ne5 Nxe5 14.Bxe5 Ng4 15.Bf4 e5
16.Rad1 Rad8 17.Bg5 f6 18.Bc1 b6 19.Bd5+ Kh8 20.h3 Nh6 21.g4 Ng8 22.Ne4 Be7
23.Ng3 Bb5 24.Be3 Bd6 25.Bf3 Ne7 26.Ne4 Bb8 27.Nc3 Bc6 28.Bxc6  1/2-1/2

[Event "Lvov zt"]
[Site "Lvov"]
[Date "1990.??.??"]
[Round "?"]
[White "Tukmakov, Vladimir B"]
[Black "Kuzmin, Gennadi P"]
[Result "1-0"]
[WhiteElo "2570"]
[BlackElo "2495"]

1.d4 Nf6 2.c4 e6 3.g3 d5 4.Nf3 Be7 5.Bg2 O-O 6.O-O Na6 7.Nc3 c5 8.cxd5 exd5
9.dxc5 Nxc5 10.Be3 Nce4 11.Rc1 Be6 12.Nd4 Bd7 13.Nxe4 dxe4 14.Nb3 h6 15.Qd4 Bc6
16.Rfd1 Re8 17.Qe5 Bd5 18.Qf5 Qd6 19.Nc5 Rad8 20.Nxb7 Qd7 21.Qxd7 Rxd7 22.Nc5 Rc7
23.a3 Rcc8 24.b4 Bc6 25.Bh3 Ra8 26.Na6 Ba4 27.Rd4 Bd8 28.Nc5 Bb5 29.Kf1 Bb6
30.a4 Bxc5 31.bxc5 Bc6 32.Rd6 Bxa4 33.c6 Bb3 34.c7 Be6 35.Bxe6 fxe6 36.Bxa7 Rxa7
37.c8=Q Rxc8 38.Rxc8+ Kf7 39.Rdc6 Nd5 40.Kg2 Ra2 41.Rc2 Ra3 42.R2c4 e3 43.f4 Ra1
44.Rc1 Ra4  1-0

[Event "Lyngby op"]
[Site "Lyngby"]
[Date "1990.??.??"]
[Round "8"]
[White "Adamski, Jan"]
[Black "Blauert, Joerg"]
[Result "0-1"]
[WhiteElo "2410"]
[BlackElo "2355"]

1.Nf3 Nf6 2.c4 e6 3.g3 d5 4.Bg2 Be7 5.d4 O-O 6.Qc2 c5 7.O-O cxd4 8.Nxd4 Qb6
9.e3 Nc6 10.Nxc6 bxc6 11.b3 dxc4 12.bxc4 Rb8 13.Nd2 Bb7 14.Bb2 Qa5 15.Rab1 Ba8
16.Bc3 Qc7 17.Ne4 Nxe4 18.Bxe4 f5 19.Bg2 Rxb1 20.Rxb1 Rb8 21.e4 Rxb1+ 22.Qxb1 Qb7
23.Qa1 Bf8 24.exf5 exf5 25.Qd1 Qf7 26.Qd8 Qxc4 27.Qxa8 Qxc3 28.Bxc6 Qc5 29.Bd5+ Kh8
30.Qe8 Qxd5 31.Qxf8+ Qg8 32.Qxf5 Qxa2 33.Qc8+ Qg8 34.Qb7 a5 35.Qb6 Qa8 36.Qb3 a4
37.Qa3 h6 38.h4 Qe4 39.h5 Kh7 40.Qc5 Qb1+ 41.Kg2 Qd3 42.Qa5 a3 43.g4 Kg8
44.Qa8+ Kf7 45.Qa7+ Kf6 46.Qa5 Qe4+ 47.Kf1 Qc4+ 48.Ke1 a2 49.Qd8+ Ke5 50.Qe7+ Kd5
51.Qd7+ Kc5 52.Qe7+ Kb5 53.Qxg7 Qc1+ 54.Ke2 a1=Q 55.Qb7+ Kc4 56.Qc6+ Kb3
57.Qb5+ Ka2 58.Qd5+ Kb1 59.Qd2  0-1

[Event "Melbourne Masters"]
[Site "Melbourne"]
[Date "1990.??.??"]
[Round "3"]
[White "Gedevanishvili, Dmitry"]
[Black "Solomon, Stephen J"]
[Result "0-1"]
[WhiteElo "2420"]
[BlackElo "2385"]

1.c4 Nf6 2.g3 e6 3.Bg2 d5 4.d4 Be7 5.Nf3 O-O 6.Nc3 dxc4 7.Ne5 c5 8.dxc5 Qxd1+
9.Nxd1 Nbd7 10.Nxc4 Nxc5 11.Nc3 Bd7 12.Bf4 Bc6 13.Bxc6 bxc6 14.O-O-O Nd5
15.Be5 f6 16.Bd4 e5 17.Bxc5 Bxc5 18.e3 Rfd8 19.Na5 Rdc8 20.Ne4 Be7 21.g4 Rab8
22.a3 Rb5 23.Nc4 Rcb8 24.Kc2 Nb6 25.Nxb6 R5xb6 26.Rb1 g6 27.Nd2 Kf7 28.Nc4 Rb5
29.Rhd1 Ke6 30.Rd3 f5 31.gxf5+ gxf5 32.Rbd1 Rd5 33.b4 e4 34.Rxd5 cxd5 35.Na5 Rc8+
36.Kb3 Bd8 37.Nb7 Bb6 38.Rg1 f4 39.exf4 Bxf2 40.Rg5 Bd4 41.Rg2 Rc7 42.f5+ Ke5
43.Nd8 Kxf5 44.b5 Rc3+ 45.Kb4 Rc1 46.Nc6 Bc5+ 47.Kb3 e3 48.Kb2 Rf1 49.Kc3 Ke4
50.Rg4+ Kf5 51.Rg2 Kf4 52.a4 h5 53.Rc2 Rf2 54.Kd3 Rxc2 55.Kxc2 Ke4 56.a5 d4
57.b6 d3+ 58.Kc3 e2 59.Kd2 Bf2  0-1

[Event "Moscow2"]
[Site "Moscow"]
[Date "1990.??.??"]
[Round "?"]
[White "Priehoda, Vitezslav"]
[Black "Zlotnik, Boris A"]
[Result "1-0"]
[WhiteElo "2415"]
[BlackElo "2465"]

1.d4 e6 2.c4 Nf6 3.g3 d5 4.Nf3 Be7 5.Bg2 O-O 6.O-O dxc4 7.Qc2 a6 8.Qxc4 b5
9.Qc2 Bb7 10.Bf4 Nd5 11.Bd2 Nd7 12.Nc3 N5f6 13.Ne5 Bxg2 14.Kxg2 Nxe5 15.dxe5 Nd7
16.f4 c5 17.Rad1 Qc7 18.Be3 c4 19.Ne4 Qc6 20.Rf3 Rfd8 21.g4 Rac8 22.Kg3 b4
23.Nd6 Rc7 24.Rff1 f6 25.Rd4 Nb6 26.Qe4 Qxe4 27.Rxe4 Nd5 28.Bf2 Bxd6 29.exd6 Rxd6
30.f5 e5 31.Kh3 c3 32.bxc3 Rxc3+ 33.Kh4 a5 34.Bg3 Ne3 35.Rf3 Nd1 36.Rxc3 Nxc3
37.Rc4 Nxa2 38.Rc5 a4 39.Bf2 b3 40.Rc8+ Kf7 41.Bc5 Ke7 42.Rc7+ Kd8 43.Bxd6 Nc3
44.Rb7 Nxe2 45.Ba3 g5+ 46.Kh3 Nf4+ 47.Kg3 Nd3 48.Ra7 Kc8 49.Rxa4 b2 50.Bxb2 Nxb2
51.Ra6 Nd3 52.Rxf6 Nf4 53.Rf7 h5 54.gxh5 Nxh5+ 55.Kg4 Nf4 56.Kxg5 Kd8 57.f6 Nh3+
58.Kf5 Nf2 59.h4 e4  1-0

[Event "Muenster op"]
[Site "Muenster"]
[Date "1990.??.??"]
[Round "3"]
[White "Nolting, Arno"]
[Black "Rapatinski, Konstantin"]
[Result "0-1"]
[WhiteElo "2275"]
[BlackElo "2280"]

1.c4 Nf6 2.g3 e6 3.Bg2 d5 4.d4 Be7 5.Nf3 O-O 6.O-O dxc4 7.Nbd2 b5 8.Ne5 Nd5
9.e4 Nf6 10.d5 Bb7 11.dxe6 fxe6 12.Bh3 Qd6 13.Ndf3 Bxe4 14.Bf4 Nd5 15.Qd4 Bxf3
16.Nxf3 Nxf4 17.gxf4 Nc6 18.Qxd6 cxd6 19.Bxe6+ Kh8 20.Bd7 Nb4 21.Bxb5 Rxf4
22.Rac1 d5 23.Ne5 Bf6 24.Nc6 Nd3  0-1

[Event "Munich"]
[Site "Munich"]
[Date "1990.??.??"]
[Round "?"]
[White "Bischoff, Klaus"]
[Black "Brunner, Lucas"]
[Result "1/2-1/2"]
[WhiteElo "2505"]
[BlackElo "2525"]

1.Nf3 Nf6 2.c4 e6 3.g3 d5 4.Bg2 Be7 5.d4 O-O 6.Qc2 c5 7.cxd5 Nxd5 8.dxc5 Qa5+
9.Bd2 Qxc5 10.Qxc5 Bxc5 11.Nc3 Nxc3 12.Bxc3 Nc6 13.O-O Bd7 14.Ne5 Nxe5 15.Bxe5 f6
16.Rac1 Rac8 17.Bf4 b6 18.Bb7 Rcd8 19.Bc7 Rde8 20.Ba6 Bc8 21.Bc4 Re7 22.Bf4 Rd8
23.Rfd1 Rxd1+ 24.Rxd1 Kf7 25.Rd8  1/2-1/2

[Event "New York op"]
[Site "New York"]
[Date "1990.??.??"]
[Round "8"]
[White "Orlov, Georgi"]
[Black "Vaganian, Rafael A"]
[Result "1/2-1/2"]
[WhiteElo "2505"]
[BlackElo "2605"]

1.d4 e6 2.c4 d5 3.Nf3 Nf6 4.g3 Be7 5.Bg2 O-O 6.O-O dxc4 7.Qc2 a6 8.Qxc4 b5
9.Qc2 Bb7 10.Bd2 Nc6 11.e3 Nb4 12.Bxb4 Bxb4 13.a3 Bd6 14.Nbd2 Qb8 15.Rac1 Rc8
16.Ng5 h6 17.Nge4 Nxe4 18.Nxe4 a5 19.f4 Ra6 20.f5 Bf8 21.Qf2 f6 22.Qf4 exf5
23.Qxf5 Re8 24.Qg6 Ree6 25.d5 Bxd5 26.Ng5 hxg5 27.Bxd5 Qd8 28.Qf5 Kf7 29.Rfd1 Qe7
30.Bxe6+ Rxe6 31.Qxb5 Rd6 32.Qb3+ Kg6 33.Rxd6 Qxd6 34.Qc2+ Kh6 35.Qxc7 Qe6
36.Qc3 Bd6 37.b4 axb4 38.axb4 Bxb4 39.Qd4 Ba5 40.Ra1 Bb6 41.Ra6 Qxe3+ 42.Qxe3 Bxe3+
43.Kg2 g4 44.Ra3 Bg5 45.Kf2 f5 46.Ra4 g6 47.Ke2 Bd8 48.Kd3 Bb6 49.Rb4 Ba7
50.Kc4 Kg5 51.Rb1 f4 52.Rb5+ Kf6 53.gxf4 Be3 54.Rb2 Bxf4 55.Rg2 Kg5 56.Kd3  1/2-1/2

[Event "NOR-ch"]
[Site "NOR"]
[Date "1990.??.??"]
[Round "6"]
[White "Scholseth, Tor Kristian"]
[Black "Kristiansen, Erling"]
[Result "1-0"]
[WhiteElo "2305"]
[BlackElo "2320"]

1.d4 Nf6 2.c4 e6 3.g3 d5 4.Bg2 Be7 5.Nf3 O-O 6.O-O dxc4 7.Qc2 a6 8.Qxc4 b5
9.Qc2 Bb7 10.Bg5 Nbd7 11.Nbd2 Rc8 12.Nb3 Be4 13.Qc1 c5 14.Bxf6 Bxf6 15.dxc5 Qe7
16.Qe3 Bg6 17.Nfd4 Bxd4 18.Nxd4 Qxc5 19.Rac1 Qd6 20.Nc6 e5 21.Rfd1 Qe6 22.Qa3 Kh8
23.Qxa6 Nf6 24.Qxb5 Qxa2 25.Qxe5 Rfe8 26.Qb5 Qe6 27.Nd4 Qg4 28.Rxc8 Qxc8
29.b4 Ne4 30.Qc6 Qxc6 31.Nxc6 Nc3 32.Rd8 Nxe2+ 33.Kf1 Rxd8 34.Nxd8 Nc3 35.Ke1 Kg8
36.Kd2 Na4 37.Bc6 Nb6 38.Kc3 Kf8 39.Kd4 Bc2 40.Kc5 Na4+ 41.Kd6  1-0

[Event "Novi Sad ol (Men)"]
[Site "Novi Sad"]
[Date "1990.??.??"]
[Round "3"]
[White "Ardiansyah, Haji"]
[Black "Ostenstad, Berge"]
[Result "1-0"]
[WhiteElo "2450"]
[BlackElo "2425"]

1.d4 Nf6 2.c4 e6 3.g3 d5 4.Bg2 Be7 5.Nf3 O-O 6.O-O dxc4 7.Qc2 a6 8.Qxc4 b5
9.Qc2 Bb7 10.Bg5 Be4 11.Qc1 Nbd7 12.Nbd2 Bd5 13.Qc2 Rc8 14.e4 Bb7 15.b4 h6
16.Bxf6 Nxf6 17.a3 a5 18.Rfb1 Ra8 19.bxa5 Rxa5 20.Ne5 Bxa3 21.Nc6 Bxc6 22.Qxc6 Bb4
23.Nb3 Rxa1 24.Rxa1 Qd7 25.e5 Qxc6 26.Bxc6 Nd5 27.Ra7 Rd8 28.Bxd5 Rxd5 29.Rxc7 Bf8
30.Kg2 Rd8 31.Kf3 Ra8 32.Rb7 b4 33.Nc5 Bxc5 34.dxc5 Rc8 35.Rb5 b3 36.Ke4 b2
37.Kd4 Rd8+ 38.Kc4 Rd2 39.Rb3 Rxf2 40.c6 Rxh2 41.Kd3 Rh1 42.Rxb2 Rd1+ 43.Rd2 Rc1
44.Rc2 Rd1+ 45.Kc4 Rd8 46.Kc5 Kh7 47.c7 Rc8 48.Kd6 Kg6 49.Kd7 Ra8 50.c8=Q  1-0

[Event "Novi Sad ol (Men)"]
[Site "Novi Sad"]
[Date "1990.??.??"]
[Round "5"]
[White "Ginting, Nasib"]
[Black "Garcia, Gildardo"]
[Result "1-0"]
[WhiteElo "2385"]
[BlackElo "2445"]

1.d4 d5 2.c4 e6 3.Nf3 Nf6 4.g3 Be7 5.Bg2 O-O 6.O-O dxc4 7.Qc2 a6 8.Qxc4 b5
9.Qc2 Bb7 10.Bd2 Be4 11.Qc1 Nc6 12.Be3 Rc8 13.Rd1 Nb4 14.Nc3 Ba8 15.a4 Qe8
16.axb5 axb5 17.Ra5 Nbd5 18.Ne5 Nxe3 19.Qxe3 Bxg2 20.Kxg2 Bb4 21.Ra6 c5 22.dxc5 Bxc5
23.Qd3 b4 24.Na4 Rc7 25.Rc1 Qc8 26.Qb5 Bd6 27.Rxc7 Qxc7 28.Rc6 Qd8 29.Nd3 Be7
30.Nb6 h5 31.Nc8 Nd5 32.e4 Nf6 33.f3 h4 34.Nxe7+ Qxe7 35.Qxb4 Qa7 36.Qc5 Qa1
37.gxh4 g6 38.Rc8 Rxc8 39.Qxc8+ Kg7 40.Qc3 Qd1 41.Nf2 Qe2 42.b4 Qa2 43.b5 Qe2
44.b6 Qb5 45.Ng4 e5 46.Qxe5 Qxb6 47.h5  1-0

[Event "Novi Sad ol (Men)"]
[Site "Novi Sad"]
[Date "1990.??.??"]
[Round "6"]
[White "Frois, Antonio"]
[Black "Wedberg, Tom"]
[Result "1/2-1/2"]
[WhiteElo "2355"]
[BlackElo "2480"]

1.d4 Nf6 2.Nf3 d5 3.c4 e6 4.g3 Be7 5.Bg2 O-O 6.O-O c6 7.Nbd2 b6 8.Qc2 Bb7
9.e4 Na6 10.b3 c5 11.exd5 exd5 12.Bb2 Nb4 13.Qb1 dxc4 14.a3 Nd3 15.Bc3 Nd5
16.Nxc4 Nxf2 17.Bb2 Ng4 18.Qe4 Ngf6 19.Qd3 Nd7 20.Rae1 cxd4 21.Nxd4 Nc5 22.Qb1 b5
23.Ne5 Ne6 24.Nf5 Bc5+ 25.Kh1 b4 26.axb4 Bxb4 27.Rd1 f6 28.Nc4 Qd7 29.Qe4 Rad8
30.Qg4 Kh8 31.h4 Qf7 32.h5 Nc3 33.Ncd6 Bxg2+ 34.Kxg2 Bxd6 35.Nxd6 Qe7 36.Bxc3 Rxd6
37.Bb4 Qb7+ 38.Kh2 Rxd1 39.Rxd1 Rg8 40.Qxe6 Qxb4 41.h6 Qa5 42.hxg7+ Rxg7
43.Qxf6 Qh5+ 44.Kg2 Qe2+ 45.Qf2  1/2-1/2

[Event "Novi Sad ol (Men)"]
[Site "Novi Sad"]
[Date "1990.??.??"]
[Round "6"]
[White "Horvath, Jozsef"]
[Black "Mahmud, Syarif"]
[Result "1-0"]
[WhiteElo "2540"]
[BlackElo "2330"]

1.d4 Nf6 2.c4 e6 3.g3 d5 4.Bg2 Be7 5.Nf3 O-O 6.Nc3 Nbd7 7.Qb3 c6 8.O-O Nb6
9.c5 Nbd7 10.Qa4 b5 11.Qc2 a5 12.e4 b4 13.exd5 exd5 14.Na4 Ba6 15.Rd1 Qb8
16.Bh3 Qb7 17.Bg5 Rae8 18.Nh4 h6 19.Be3 Ne4 20.Nf5 Bg5 21.Re1 Qc7 22.Bg2 Bxe3
23.Rxe3 Ndf6 24.f3 Ng5 25.Rae1 Rxe3 26.Rxe3 Re8 27.Qd2 Rxe3 28.Qxe3 Kf8 29.Nb6 Ne6
30.Qe5 Qxe5 31.dxe5 g6 32.Nd6 Ne8 33.Nd7+ Ke7 34.Nb8 N8c7 35.Nxc6+ Kf8 36.Nxa5 Nxc5
37.Nc6 b3 38.axb3 Nxb3 39.f4 d4 40.Bf3 d3 41.Kf2 Nd2 42.Bd1 Nb5 43.Nxb5 Bxb5
44.Nd4 Bc4 45.Nf3 Ne4+ 46.Ke3 Bd5 47.Nd2 f5 48.exf6 Nxf6 49.Kxd3 Ke7 50.Kd4 Kd6
51.Bf3 Bxf3 52.Nxf3 Ng4 53.b4  1-0

[Event "Novi Sad ol (Men)"]
[Site "Novi Sad"]
[Date "1990.??.??"]
[Round "10"]
[White "Murugan, Krishnamoorthy"]
[Black "Liang Jinrong"]
[Result "1/2-1/2"]
[WhiteElo "2425"]
[BlackElo "2445"]

1.d4 d5 2.c4 e6 3.Nf3 Nf6 4.g3 Be7 5.Bg2 O-O 6.O-O dxc4 7.Qc2 a6 8.Qxc4 b5
9.Qc2 Bb7 10.Bf4 Nc6 11.Nc3 Nb4 12.Qc1 Nbd5 13.Nxd5 Nxd5 14.Rd1 Rc8 15.Bg5 c5
16.dxc5 Qe8 17.Bxe7 Qxe7 18.Qd2 Rxc5  1/2-1/2

[Event "Novi Sad ol (Men)"]
[Site "Novi Sad"]
[Date "1990.??.??"]
[Round "11"]
[White "Wojtkiewicz, Aleksander"]
[Black "Morovic Fernandez, Ivan"]
[Result "1/2-1/2"]
[WhiteElo "2515"]
[BlackElo "2530"]

1.Nf3 Nf6 2.c4 e6 3.g3 d5 4.Bg2 Be7 5.d4 O-O 6.O-O dxc4 7.Nc3 Nc6 8.e3 Nd5
9.Qe2 Na5 10.Ne5 c5 11.Nxc4 cxd4  1/2-1/2

[Event "Novi Sad ol (Men)"]
[Site "Novi Sad"]
[Date "1990.??.??"]
[Round "11"]
[White "Rahman, T."]
[Black "Sanna, Gianlazzaro"]
[Result "1/2-1/2"]
[WhiteElo "2310"]
[BlackElo "2395"]

1.d4 d5 2.Nf3 Nf6 3.c4 e6 4.g3 Be7 5.Bg2 O-O 6.O-O dxc4 7.Qc2 a6 8.a4 Bd7
9.Ne5 Bc6 10.Nxc6 Nxc6 11.e3 Na5 12.Nd2 c5 13.dxc5 Rc8 14.b4 cxb3 15.Nxb3  1/2-1/2

[Event "Novi Sad ol (Men)"]
[Site "Novi Sad"]
[Date "1990.??.??"]
[Round "11"]
[White "Nascimento, Alexandre"]
[Black "Sebih, Kamel"]
[Result "1/2-1/2"]
[WhiteElo "2385"]
[BlackElo "2260"]

1.d4 Nf6 2.c4 e6 3.Nf3 d5 4.g3 Be7 5.Bg2 O-O 6.O-O b6 7.Nc3 Bb7 8.cxd5 Nxd5
9.Qc2 c5 10.Nxd5 exd5 11.Be3 Nd7 12.Rfd1 c4 13.Ne5 b5 14.Bh3 Nb6 15.f4 Bd6
16.Rf1 Qe7 17.Bf2 Rfe8 18.e3 a5 19.Nf3 f6 20.Nh4 g6 21.Bg2 b4 22.Rfe1 Qf7
23.e4 dxe4 24.d5 e3 25.Rxe3 Rxe3 26.Bxe3 Nxd5 27.Qxc4 Rc8 28.Bxd5 Qxd5 29.Qxd5+ Bxd5
30.Rd1 Bc5 31.Bxc5 Rxc5 32.b3 Kf7 33.Rd2 Ke6 34.Kf2 a4 35.bxa4 Ra5 36.Nf3 Rxa4
37.Nd4+ Kf7 38.Nb3 Be6 39.Ke3 Ra7 40.Kd4 Rd7+ 41.Ke3 Rc7 42.Rd4 Rc3+ 43.Rd3 Rc2
44.Rd2 Rc8 45.Rd4 Rc3+ 46.Rd3 Rc2 47.Rd2  1/2-1/2

[Event "Novi Sad ol (Men)"]
[Site "Novi Sad"]
[Date "1990.??.??"]
[Round "13"]
[White "Minero Pineda, Sergio"]
[Black "Abdennabi, Imed"]
[Result "1/2-1/2"]
[WhiteElo "2285"]
[BlackElo "2380"]

1.d4 d5 2.c4 e6 3.g3 Nf6 4.Bg2 Be7 5.Nf3 O-O 6.O-O dxc4 7.Qc2 b5 8.a4 c6
9.axb5 cxb5 10.Ng5 h6 11.Bxa8 hxg5 12.Bxg5 a6 13.Bxf6 Bxf6 14.e3 Qb6 15.Be4 Nc6
16.Nc3 Bb7 17.Qe2 Nb4 18.Qf3 Bxe4 19.Nxe4 Be7 20.h4 a5 21.Ng5 f6 22.Nh3 Nd3  1/2-1/2

[Event "Ostend op"]
[Site "Ostend"]
[Date "1990.??.??"]
[Round "?"]
[White "Vladimirov, Evgeny"]
[Black "Wells, Peter K"]
[Result "1/2-1/2"]
[WhiteElo "2565"]
[BlackElo "2410"]

1.d4 Nf6 2.c4 e6 3.Nf3 d5 4.g3 Be7 5.Bg2 O-O 6.O-O dxc4 7.Qc2 a6 8.Qxc4 b5
9.Qc2 Bb7 10.Bg5 Nbd7 11.Nbd2 Rc8 12.Bxf6 Nxf6 13.Nb3 Be4 14.Qc3 Nd5 15.Qa5 Bb4
16.Qxa6 c6 17.a3 Ra8 18.Qb7 Rb8 19.Qa7 Ra8 20.Qb7 Rb8 21.Qa7 Ra8  1/2-1/2

[Event "Ostend op"]
[Site "Ostend"]
[Date "1990.??.??"]
[Round "?"]
[White "Tukmakov, Vladimir B"]
[Black "Langeweg, Kick"]
[Result "1-0"]
[WhiteElo "2570"]
[BlackElo "2420"]

1.d4 Nf6 2.c4 e6 3.g3 d5 4.Bg2 Be7 5.Nf3 O-O 6.O-O b6 7.cxd5 exd5 8.Nc3 Bb7
9.Bf4 Na6 10.Rc1 c5 11.dxc5 bxc5 12.Ne5 Nc7 13.Qa4 Ne6 14.Rfd1 Nxf4 15.gxf4 Qd6
16.Nxd5 Nxd5 17.Bxd5 Bxd5 18.e4 Qh6 19.exd5 Bd6 20.Qe4 Rae8 21.Qf5 f6 22.Nd3 g6
23.Qg4 Re4 24.Nxc5 Bxf4 25.Nxe4 f5 26.Nf6+ Kh8 27.Qf3 Qg5+ 28.Kf1 Bxc1 29.Nd7 Rd8
30.Qc3+ Kg8 31.Nf6+  1-0

[Event "Ostend op"]
[Site "Ostend"]
[Date "1990.??.??"]
[Round "?"]
[White "Dunnington, Angus J"]
[Black "Cifuentes Parada, Roberto"]
[Result "0-1"]
[WhiteElo "2370"]
[BlackElo "2445"]

1.Nf3 Nf6 2.d4 d5 3.c4 e6 4.g3 Be7 5.Bg2 O-O 6.O-O c6 7.Nbd2 b6 8.b3 Bb7
9.Bb2 Nbd7 10.Qc2 Rc8 11.e4 c5 12.exd5 exd5 13.Rfe1 dxc4 14.Nxc4 cxd4 15.Nxd4 Bxg2
16.Kxg2 Bb4 17.Red1 Qc7 18.Qf5 Qb7+ 19.Qf3 Qxf3+ 20.Kxf3 a6 21.Nf5 b5 22.Nce3 Rfd8
23.Rac1 Bf8 24.Rxc8 Rxc8 25.g4 h6 26.h4 Rc7 27.g5 hxg5 28.hxg5 Nh7 29.Kg4 g6
30.Nh6+ Bxh6 31.gxh6 f5+ 32.Kh4 Kf7 33.Rd6 Nc5 34.Nd5 Rd7 35.Rxd7+ Nxd7 36.Nc7 Nc5
37.Ba3 Nd3 38.Nxa6 Nxf2 39.Nc7 g5+ 40.Kg3 Ne4+ 41.Kg2 Nc3 42.Bb4 Nxa2 43.Bd2 b4
44.Nd5 Kg6 45.Ne7+ Kxh6 46.Nxf5+ Kh5 47.Ne3 Nf6 48.Kf3 g4+ 49.Nxg4 Nxg4 50.Ke4 Kg6
51.Kd4 Kf5 52.Bxb4 Nxb4 53.Kc4 Nc6 54.b4 Nce5+ 55.Kc5 Nf6 56.b5 Nfd7+ 57.Kd6 Nb6
58.Kc5 Nec4 59.Kd4 Kf4 60.Kd3 Ke5 61.Ke2 Ke4 62.Kf2 Kf4 63.Ke2 Ne5 64.Kf2 Nd3+
65.Kg2 Kg4 66.Kg1 Kf3 67.Kf1 Nf4 68.Kg1 Ke2 69.Kh1 Kf1 70.Kh2 Kf2 71.Kh1 Kg3
72.Kg1 Ne2+ 73.Kf1 Kf3 74.Ke1 Ng3 75.Kd2 Ke4 76.Kd1 Kd3 77.Ke1 Ke3 78.Kd1 Ne4
79.Ke1 Nd2 80.Kd1 Nf3 81.Kc2 Kd4 82.Kb3 Ne1 83.Kb4 Nc2+ 84.Kb3 Kd3 85.Kb2 Nd4
86.Kc1 Ke2 87.Kb1 Kd1 88.Kb2 Kd2 89.Kb1 Nb3 90.Kb2 Nc1 91.Ka3 Nd3 92.Kb3 Nc5+
93.Kb2 Nc4+ 94.Ka1 Kc2  0-1

[Event "Paris-ch"]
[Site "Paris"]
[Date "1990.??.??"]
[Round "?"]
[White "Krasenkow, Michal"]
[Black "Flear, Glenn C"]
[Result "1-0"]
[WhiteElo "2545"]
[BlackElo "2470"]

1.d4 d5 2.Nf3 Nf6 3.c4 e6 4.g3 Be7 5.Bg2 O-O 6.O-O dxc4 7.Na3 Bxa3 8.bxa3 Bd7
9.Ne5 Bc6 10.Nxc6 Nxc6 11.Bb2 Nd5 12.Rb1 Nb6 13.e3 Rb8 14.Qc2 Qd6 15.Rfd1 Rfd8
16.e4 e5 17.d5 Nd4 18.Bxd4 exd4 19.Rxd4 c6 20.a4 cxd5 21.exd5 g6 22.a5 Qc5
23.Qc3 Nxd5 24.Qxc4 Qxc4 25.Rxc4 Rd7 26.Rd1 Rbd8 27.Rcd4 Nf6 28.Rxd7 Rxd7
29.Rxd7 Nxd7 30.Bxb7 Kf8 31.f3 Ke7 32.Bd5 g5 33.Kf2 f6 34.Ke3 Kd6 35.Bg8 h6
36.Ke4 Ne5 37.Bb3 f5+ 38.Kxf5 Nxf3 39.h3 Nd4+ 40.Kg6 Ke5 41.Kxh6 Kf6 42.Kh5  1-0

[Event "Paris-ch"]
[Site "Paris"]
[Date "1990.??.??"]
[Round "?"]
[White "Dorfman, Josif D"]
[Black "Vaisser, Anatoli"]
[Result "1/2-1/2"]
[WhiteElo "2595"]
[BlackElo "2540"]

1.Nf3 Nf6 2.c4 e6 3.g3 d5 4.d4 Be7 5.Bg2 O-O 6.O-O b6 7.cxd5 exd5 8.Nc3 Bb7
9.Bg5 Ne4 10.Bxe7 Qxe7 11.Qb3 Nxc3 12.Qxc3 c5 13.dxc5 bxc5 14.Qe5 Re8 15.Qxe7 Rxe7
16.e3 Nd7 17.Rac1 Rb8 18.Rfd1 g6 19.b3 Rc8 20.Ne1 Nb6 21.Nd3 c4 22.Nf4 Rc5
23.Ne2 a5 24.bxc4 Ba6 25.Rb1 Bxc4 26.Nc3 Re6 27.Bf3 Kg7 28.h4 Rf6 29.Bg2 h5
30.Rd2 a4 31.e4 Ba6 32.Nxd5 Nxd5 33.exd5 Rd6 34.Rb4 Bb5 35.a3 Bd7 36.Rd3 Rc1+
37.Kh2 Rc2 38.Rf4 Bf5 39.Re3 Rb6 40.Bh3 Bxh3 41.Kxh3 Rd2 42.Ref3 Rb7 43.Rxa4 Rxd5
44.Rb4 Ra7 45.a4 Rd2 46.g4 hxg4+ 47.Kxg4 Ra2 48.Rff4 Kh6 49.Kf3 Re7 50.Rfe4 Rc7
51.Kg3 Rd7 52.f3 Ra3 53.Rf4 Rc7 54.Kg4 Re7  1/2-1/2

[Event "Paris-ch"]
[Site "Paris"]
[Date "1990.??.??"]
[Round "?"]
[White "Ruf, Matthias"]
[Black "Lukasiewicz, Grzegorz"]
[Result "1-0"]
[WhiteElo "2295"]
[BlackElo "2320"]

1.d4 d5 2.Nf3 Nf6 3.c4 e6 4.g3 Be7 5.Bg2 O-O 6.O-O c6 7.Qc2 b6 8.Nbd2 Bb7
9.b3 Na6 10.Bb2 c5 11.Rad1 Rc8 12.Qb1 h6 13.e3 cxd4 14.exd4 Nb4 15.Rfe1 a6
16.Ne5 Rc7 17.Bf1 dxc4 18.bxc4 b5 19.d5 exd5 20.Ba3 a5 21.cxb5 Bd6 22.Nef3 Nc2
23.Bxd6 Qxd6 24.Nc4 Rxc4 25.Bxc4 Nxe1 26.Nxe1 Qc5 27.Bf1 Rc8 28.Bh3 Re8 29.Rc1 Qb6
30.Qb2 Ne4 31.Nf3 Nd6 32.a4 Nc4 33.Qd4 Qxd4 34.Nxd4 Re4 35.Nc6 Re8 36.Bf1 Kf8
37.Bxc4 Bxc6 38.bxc6 dxc4 39.Rxc4 Rc8  1-0

[Event "URS-chT"]
[Site "Podolsk"]
[Date "1990.??.??"]
[Round "?"]
[White "Kabatianski, Alexandr"]
[Black "Deev, Andrei"]
[Result "1-0"]
[WhiteElo "2350"]
[BlackElo "2390"]

1.Nf3 d5 2.d4 Nf6 3.c4 e6 4.g3 Be7 5.Bg2 O-O 6.O-O dxc4 7.Qc2 a6 8.a4 Nbd7
9.Nbd2 c5 10.Nxc4 Nd5 11.Bd2 b6 12.e4 Nb4 13.Bxb4 cxb4 14.d5 exd5 15.exd5 Bf6
16.Rad1 Nc5 17.Nfe5 b3 18.Qd2 Bxe5 19.Nxe5 Qf6 20.d6 Ra7 21.Rfe1 Be6 22.a5 bxa5
23.Qe3 Nd7 24.Qxa7 Nxe5 25.Qd4 Nc4 26.Rxe6 Qxe6 27.d7 Rd8 28.Qh4 Qf6 29.Qxc4 Qxb2
30.Re1  1-0

[Event "URS-ch (Women)"]
[Site "Podolsk"]
[Date "1990.??.??"]
[Round "8"]
[White "Semenova, Lidia K"]
[Black "Tazhieva, Lyazzat"]
[Result "0-1"]
[WhiteElo "2350"]
[BlackElo "2200"]

1.c4 Nf6 2.g3 e6 3.Bg2 d5 4.d4 Be7 5.Nf3 O-O 6.O-O dxc4 7.Qc2 a6 8.a4 a5
9.Nbd2 Nc6 10.Qxc4 Qd5 11.Qxd5 exd5 12.Nb3 Bd6 13.Bf4 Bxf4 14.gxf4 Re8 15.Ne5 Nb4
16.Rfc1 c6 17.Rc5 Na6 18.Rc3 Nb4 19.Nc5 Re7 20.e3 Ne8 21.Re1 Bf5 22.f3 f6
23.e4 b6 24.Nb3 fxe5 25.exf5 exd4 26.Rxe7 dxc3 27.bxc3 Nd3 28.Rb7 b5 29.Bf1 bxa4
30.Bxd3 axb3 31.Rxb3 Nd6 32.Kf2 Kf7 33.Ke3 a4 34.Ra3 c5 35.Kf2 c4 36.Bc2 Nb5
37.Rxa4 Rxa4 38.Bxa4 Nxc3 39.Bd7 Ke7 40.Be6 Kd6 41.h4 Kc5 42.h5 h6 43.Ke3 d4+
44.Kd2 Nd5 45.Bd7 Nxf4 46.Kc2 d3+ 47.Kc3 Ne2+  0-1

[Event "Vysehrad"]
[Site "Prague"]
[Date "1990.??.??"]
[Round "2"]
[White "Pergericht, Daniel"]
[Black "Stettler, Michael"]
[Result "1-0"]
[WhiteElo "2280"]
[BlackElo "2375"]

1.d4 Nf6 2.c4 e6 3.g3 d5 4.Nf3 Be7 5.Bg2 O-O 6.O-O c5 7.cxd5 exd5 8.Nc3 Nc6
9.Bg5 cxd4 10.Nxd4 h6 11.Be3 Re8 12.Rc1 Bg4 13.h3 Be6 14.Qa4 Qd7 15.Nxe6 fxe6
16.Rcd1 a6 17.Bb6 Ne5 18.Qxd7 Nfxd7 19.Be3 Kh8 20.Bc1 Bc5 21.e4 d4 22.Ne2 Nc6
23.Nf4 Nde5 24.Bd2 Nc4 25.Nd3 Nxd2 26.Rxd2 Bd6 27.f4 e5 28.a3 a5 29.Rc2 Rad8
30.Kh2 Re7 31.h4 exf4 32.gxf4 g5 33.e5 Bb8 34.Bxc6 bxc6 35.Rxc6 Kh7 36.Rc5 gxf4
37.Rxf4 Rg8 38.Rd5 Reg7 39.Rf2 Rg3 40.Rxd4  1-0

[Event "Pula tt2"]
[Site "Pula"]
[Date "1990.??.??"]
[Round "3"]
[White "Milovanovic, Rade"]
[Black "Stanojevic, Branko"]
[Result "1-0"]
[WhiteElo "2440"]
[BlackElo "2330"]

1.d4 Nf6 2.c4 e6 3.g3 d5 4.Nf3 Be7 5.Bg2 O-O 6.O-O dxc4 7.Ne5 Nc6 8.Bxc6 bxc6
9.Nxc6 Qd6 10.Nxe7+ Qxe7 11.Qa4 e5 12.dxe5 Qxe5 13.Qxc4 Be6 14.Qd3 Rad8 15.Qe3 Qa5
16.Qa3 Qh5 17.f3 Bc4 18.Nc3 Rfe8 19.Re1 c5 20.Bf4 h6 21.Rac1 g5 22.Qxc5 Bxe2
23.Rxe2 Rxe2 24.Nxe2 Re8 25.Be5 Nd7 26.Qc6 Rxe5 27.Qxd7 Rxe2 28.Rc8+ Kg7
29.Qd4+ f6  1-0